| 000 | 00693nam a2200217Ia 4500 | ||
|---|---|---|---|
| 005 | 20260629163255.0 | ||
| 008 | 260629s9999||||xx |||||||||||||| ||und|| | ||
| 020 |
_a9780195634341 _qpbk |
||
| 082 |
_a823.00954 _bMUK |
||
| 100 | _aMukherjee, Meenakshi | ||
| 245 | 0 | _aRealism and reality : the novel and society in India | |
| 250 | _a1st ed. 1985 ; Oxford India Pbk ed. 1994 | ||
| 260 |
_aNew Delhi _bOxford University Press _c1985 |
||
| 300 | _aX, 217p. ; 21cm. | ||
| 653 | _aIndia in literature | ||
| 653 | _aIndic fiction (English)—History and criticism | ||
| 653 | _aLiterature and society—India | ||
| 653 | _aPostcolonialism | ||
| 653 | _aRealism in literature | ||
| 942 | _cBK | ||
| 999 |
_c57321 _d57321 |
||